[Event "Camaguey-A"]
[Site "Camaguey"]
[Date "2010.02.07"]
[Round "11"]
[White "Quesada Vera, Liordis"]
[Black "Nieves Moros, Ricardo"]
[Result "1/2-1/2"]
[WhiteElo "2304"]
[BlackElo "2132"]
[PlyCount "66"]
[EventDate "2010.02.02"]
[EventType "tourn"]
[EventRounds "11"]
[EventCountry "CUB"]
[SourceTitle "CBM 135 Extra"]
[Source "ChessBase"]
[SourceDate "2010.05.04"]
[SourceVersion "1"]
[SourceVersionDate "2010.05.04"]
[SourceQuality "1"]

1. e4 c5 2. c3 Nf6 3. e5 Nd5 4. d4 cxd4 5. Nf3 Nc6 6. Bc4 e6 7. cxd4 d6 8. 0-0 Be7 9. Qe2 0-0 10. Nc3 Nxc3 11. bxc3 b6 12. Bd3 Bb7 13. Rd1 Rc8 14. h4 Na5 15. Ng5 g6 16. Nxh7 Kxh7 17. Qh5+ Kg8 18. Bxg6 fxg6 19. Qxg6+ Kh8 20. Qh6+ Kg8 21. Rd3 Bxh4 22. Qg6+ Kh8 23. Rh3 Rxf2 24. Qh6+ Kg8 25. Qxe6+ Kh8 26. Qh6+ Kg8 27. Qg6+ Kh8 28. Qh5+ Kg8 29. Qg4+ Kf8 30. Bh6+ Ke8 31. Qg6+ Kd7 32. Qxd6+ Ke8 33. Qg6+ Kd7 1/2-1/2

[Event "Camaguey Province-ch"]
[Site "Camaguey"]
[Date "2009.11.11"]
[Round "2"]
[White "Leon Oquendo, Jorge L"]
[Black "Nieves Moros, Ricardo"]
[Result "1-0"]
[WhiteElo "2108"]
[BlackElo "2085"]
[PlyCount "79"]
[EventDate "2009.11.02"]
[EventType "tourn"]
[EventRounds "18"]
[EventCountry "CUB"]
[EventCategory "1"]
[SourceTitle "EXT 2012"]
[Source "ChessBase"]
[SourceDate "2011.11.24"]
[SourceVersion "1"]
[SourceVersionDate "2011.11.24"]
[SourceQuality "1"]

1. e4 c5 2. c3 d6 3. Nf3 Nf6 4. Be2 Nbd7 5. Qc2 Qc7 6. 0-0 e6 7. b3 Be7 8. Bb2 b6 9. d4 cxd4 10. Nxd4 a6 11. f4 Bb7 12. Bf3 0-0 13. c4 Rac8 14. Qe2 Ba8 15. Kh1 Rfe8 16. Nc3 Bf8 17. Nc2 b5 18. cxb5 axb5 19. Rac1 Qb6 20. e5 Bxf3 21. Rxf3 dxe5 22. fxe5 Ng4 23. Nxb5 Ndxe5 24. Bxe5 Nxe5 25. Qxe5 Rc5 26. Qf4 Rf5 27. Qc7 Qxb5 28. Nd4 Qd5 29. Nxf5 exf5 30. Qc4 Qa5 31. Rd1 g6 32. Qa4 Qe5 33. h3 Rc8 34. Rfd3 Rc2 35. Qd4 Qa5 36. R3d2 Rc8 37. Qf6 Re8 38. Rd8 Re6 39. Rxf8+ Kxf8 40. Rd8+ 1-0

[Event "Camaguey Province-ch"]
[Site "Camaguey"]
[Date "2009.11.08"]
[Round "1"]
[White "Nieves Moros, Ricardo"]
[Black "Leon Oquendo, Jorge L"]
[Result "1-0"]
[WhiteElo "2085"]
[BlackElo "2108"]
[PlyCount "83"]
[EventDate "2009.11.02"]
[EventType "tourn"]
[EventRounds "18"]
[EventCountry "CUB"]
[EventCategory "1"]
[SourceTitle "EXT 2012"]
[Source "ChessBase"]
[SourceDate "2011.11.24"]
[SourceVersion "1"]
[SourceVersionDate "2011.11.24"]
[SourceQuality "1"]

1. e4 c6 2. d4 d5 3. exd5 Qxd5 4. Nf3 Bg4 5. Be2 Nf6 6. 0-0 e6 7. c4 Qd8 8. Nc3 Bd6 9. Bg5 h6 10. Bh4 Nbd7 11. c5 Be7 12. h3 Bf5 13. Bg3 Ne4 14. Bh2 0-0 15. Rc1 Ndf6 16. Ne5 Qa5 17. Nc4 Qd8 18. f3 Nxc3 19. Rxc3 Nd5 20. Rb3 b6 21. Nd6 Bg6 22. Qd2 Bg5 23. f4 Be7 24. Bc4 Bxd6 25. cxd6 Be4 26. f5 exf5 27. Bxd5 cxd5 28. Rc1 Rc8 29. Rc7 g5 30. Rbc3 Rxc7 31. dxc7 Qd7 32. Qd1 Rc8 33. Be5 f4 34. h4 Qe6 35. hxg5 hxg5 36. Rh3 Kf8 37. Rh8+ Ke7 38. Qh5 f6 39. Bxf6+ Kd7 40. Be5 Rxc7 41. Bxc7 Kxc7 42. Qxg5 1-0

[Event "Camaguey Province-ch sf"]
[Site "Camaguey"]
[Date "2009.08.23"]
[Round "9"]
[White "Leon Oquendo, Jorge L"]
[Black "Nieves Moros, Ricardo"]
[Result "1-0"]
[WhiteElo "2108"]
[BlackElo "2085"]
[PlyCount "61"]
[EventDate "2009.08.15"]
[EventType "tourn"]
[EventRounds "17"]
[EventCountry "CUB"]
[EventCategory "1"]
[SourceTitle "EXT 2012"]
[Source "ChessBase"]
[SourceDate "2011.11.24"]
[SourceVersion "1"]
[SourceVersionDate "2011.11.24"]
[SourceQuality "1"]

1. e4 c5 2. Nf3 Nc6 3. c3 Nf6 4. e5 Nd5 5. g3 g6 6. Bg2 Nc7 7. 0-0 Bg7 8. d4 cxd4 9. cxd4 0-0 10. Nc3 d6 11. exd6 Qxd6 12. Bf4 Qd8 13. d5 Na5 14. Ne5 g5 15. Bxg5 Bxe5 16. Bh6 Re8 17. Qh5 Nc4 18. Ne4 e6 19. Ng5 Qe7 20. Qg4 Kh8 21. Qxc4 exd5 22. Bxd5 Ne6 23. Rae1 Nxg5 24. Bxg5 Qxg5 25. f4 Qg7 26. Rxe5 Rxe5 27. fxe5 Qxe5 28. Rxf7 Qe3+ 29. Kg2 Qd2+ 30. Rf2 Bh3+ 31. Kxh3 1-0